Countries Naughty By Nature has Visited - Statistics

General Stats
  • This quiz has been taken 11 times
  • The average score is 10 of 12
Answer Stats
Continent Country % Correct
North America Canada
100%
North America United States of America
100%
Oceania Australia
90%
Europe France
90%
Europe Poland
90%
Asia/ Europe Russia
90%
Europe United Kingdom
90%
North America Mexico
80%
Oceania New Zealand
80%
Europe Ireland
70%
Asia Malaysia
50%
Europe Switzerland
50%
No matching quizzes found
Score Distribution
Percent of People with Each Score
Percentile by Number Answered
Your Score History
You have not taken this quiz